000 00709nam a2200241 i 4500
001 C2-0255610
003 PPAK
005 20180727223240.0
008 040614s2002 at a|||| ||||| | eng d
020 _a1740593065
040 _aPPAK
_beng
_cPPAK
_erda
082 0 4 _a914.436104
_223
090 0 0 _a914.436104
_bFAL
_dR
100 1 _aFallon, Steve,
_eauthor
245 1 0 _aParis
264 1 _aMelbourne :
_bLonely Planet Publications ,
_c2002
300 _a320 pages :
_bcolour illustrations ;
_c20 cm
336 _2rdacontent
_atext
337 _2rdamedia
_aunmediated
338 _2rdacarrier
_avolume
650 1 0 _aParis (France) - Description and travel ; Paris (France) - Guidebooks
942 _ddc
_cB
999 _c67963
_d67963